000 00215nam a2200097Ia 4500
008 240331s9999 xx 000 0 und d
082 _bSAK
100 _aSakthi. ed
245 0 _aSakthi :
_bA Women's Journal
942 _cL
999 _c5555
_d5555